• 首页
  • 本馆介绍
  • 公告通知
  • 最新文献
  • 馆藏检索
  • 电子资源
  • 读者导购
  • 参考咨询
  • 我的图书馆
  • 登录
  • 详细信息显示
  • 放入我的书架
  • 预约/预借图书
  • 作者相关作品
  • 分类相关作品
  • 丛书相关作品
  • 出版社相关作品

书目信息

  • 表格格式
  • 工作单格式
  • 卡片格式
题名:
我国代表团出席联合国有关会议文件集
    
 
作者: ;人民出版社 编
分册:  
出版信息: 北京   人民出版社  1978
页数: 109页
开本: 19cm
丛书名:
单 册:
中图分类: D822.1
科图分类:
主题词: 中外关系--对外援助--人民革命
电子资源:
ISBN:
000 00700nam0 2200241 45
001 0178005983
005 20050105111530.5
010    @dCNY0.30
091    @a3001.1653
100    @a19950713d1978 kemy0chiy0121 ea
101 0  @achi
102    @aCN@b110000
105    @ay z 100yy
200 10 @a我国代表团出席联合国有关会议文件集@Awo guo dai biao tuan chu xi lian he guo you guan hui yi wen jian ji@e1977.1-6@f本社编@FBen She Bian
210    @a北京@c人民出版社@d1978
215    @a109页@d19cm
300    @a国内发行
517    @a1977.1-6
606 0  @a中外关系@x对外援助@x人民革命
690    @aD822.1@v3
711 02 @a人民出版社@4编
801  0 @aCN@bNLC@c20050105
905    @f1@b1029@dD822.1@e1-2
    
    我国代表团出席联合国有关会议文件集:1977.1-6/本社编.-北京:人民出版社,1978
    109页;19cm
    国内发行
    
    ISBN :CNY0.30
    
●
相关链接 在E读中查询图书 在五车中查询图书 在当当中查询图书 在豆瓣中查询图书


正题名:我国代表团出席联合国有关会议文件集     索取号:D822.1/1-2         预约/预借

序号 登录号 条形码 馆藏地/架位号 状态 备注
1 0001029   001023993   第一借阅区/ [索取号:D822.1/1-2] 在馆    
唐山师范学院图书馆 欢迎您!
大连网信软件有限公司© 版权所有